Quizzes
Events
Quiz Creation
Community
Videos
Private Events
Remove Ads
Sign In
Join for FREE
Feedback
Dark Mode
Quiz Categories
Sports
Geography
Music
Movies
Television
Just For Fun
Miscellaneous
History
Literature
Language
Science
Gaming
Entertainment
Religion
Holiday
For Kids
Quiz Lab
Recent
Popular Today
Quiz Kudos Today
Editor Picks
Curator Picks
Quizzes by...
Day
Popularity
Type
Ratings
Length
Year
Community
Subscriptions
Recent Discussions
Orange Saloon
Badges
Playlists
Quests
Create
Leaderboards
Showdown
Live 5
Trivia Bingo
Activity
Puzzle Library
Sporcle Events
Private Events
Virtual Trivia
Globe League
Become a Host
Pub Owners
SporcleCon
Opinionation
Our Games
Videos
Blog
Mobile Apps
Partnerships
Remove Ads and Go Orange
Feedback
Gaming
Video Games
Board Games
Card Games
Pokémon
Mario
Nintendo
Minecraft
Console
Toys
Legend of Zelda
Gaming
Video Games
Board Games
Card Games
Pokémon
Mario
Nintendo
Minecraft
Console
Toys
Legend of Zelda
Random Quiz
Search Sporcle
×
Quiz Lab
Quiz Lab
Gaming
Final Fantasy
Type in answers that appear in a list
Type in answers that appear in a list
Classic
Best Score? Go Orange.
Final Fantasy 9-Bestiary Stats
Can You Name the Final Fantasy 9-Bestiary?
By
sparkman
25m
140 Questions
371 Plays
371 Plays
371 Plays
Comments
Comments
Give Quiz Kudos
Give Quiz Kudos
-
- Ratings
hide this ad
Replay
Link that replays current quiz
Next Quiz
Link to next quiz in quiz playlist
You Got
0%
They Got
Avg Score
80%
Avg Friend Score
Upgrade to see
Score Distribution
Jump to the score distribution portion of the page
Score
0/140
Timer
25:00
0
Plays Today
Monster/ Boss
Name
% Correct
Monster
Goblin
94.3%
Boss
Beatrix
94.3%
Boss
Kuja
93.3%
Monster
Bomb
93%
Boss
Black Waltzs
93%
Boss
Ozma
91.6%
Monster
Ghost
90.6%
Boss
Steiner
90.4%
Boss
Lich
90.4%
Monster
Mu
90.3%
Boss
Garland
90%
Boss
Silver Dragon
90%
Monster
Zombie
90%
Boss
Tiamat
90%
Boss
Ark
89.8%
Boss
Scarlet Hair
89.8%
Boss
Necron
89.5%
Boss
Thorn & Zorn
89.5%
Boss
Lani
89.3%
Boss
King Leo
89.2%
Boss
Masked Man
88.7%
Boss
Kraken
88.7%
Boss
Trance Kuja
88.7%
Monster
Zuu
88.1%
Monster
Black Mage
87.6%
Monster
Cactuar
87.3%
Monster
Yan
87.3%
Monster
Nymph
87.1%
Monster
Fang
86.8%
Monster
Grand Dragon
86.8%
Boss
Antlion
86.8%
Boss
Maliris
86.8%
Monster
Behemoth
86.5%
Monster
Tonberry
86.5%
Monster
Goblin Mage
86.3%
Boss
Gizamaluke
86.3%
Boss
Hades
86.3%
Boss
Nova Dragon
86.3%
Boss
Red Dragons
86.3%
Monster
Flan
86%
Monster
Garuda
86%
Monster
Sand Golem
86%
Monster
Epitaph
85.4%
Monster
Iron Man
85.4%
Monster
Whale Zombie
84.9%
Monster
Zaghnol
84.9%
Monster
Malboro
84.6%
Monster/ Boss
Name
% Correct
Monster
Skeleton
84.6%
Monster
Griffin
84.1%
Boss
Meltigemini
84.1%
Monster
Ogre
84.1%
Monster
Ironite
83.8%
Monster
Lamia
83.8%
Boss
Hilgigars
83.8%
Boss
Sealion
83.8%
Monster
Adamantoise
83.3%
Monster
Chimera
82.7%
Boss
Plant Brain
82.7%
Boss
Quale
82.7%
Monster
Yeti
82.7%
Monster
Grenade
82.5%
Boss
Soul Cage
82.5%
Monster
Abadon
82.2%
Monster
Gargoyle
81.7%
Boss
Deathguise
81.7%
Monster
Armstrong
81.4%
Boss
Earth Guardian
81.4%
Monster
Troll
81.4%
Monster
Dracozombie
81.1%
Monster
Gimme Cat
80.9%
Boss
Valia Pira
80.6%
Monster
Ash
80.3%
Monster
Gigantoad
80.3%
Monster
Vice
80.3%
Monster
Bandersnatch
80.1%
Monster
Trick Sparrow
80.1%
Monster
Feather Circle
79.8%
Monster
Lizard Man
79.8%
Monster
Mover
79.7%
Monster
Dragonfly
79.5%
Monster
Jabberwock
79.5%
Monster
Magic Vice
79.2%
Monster
Cerberus
79%
Boss
Taharka
79%
Monster
Catoblepas
78.7%
Monster
Mandragora
78.7%
Monster
Axolotl
78.4%
Monster
Carve Spider
78.4%
Monster
Sahagin
78.4%
Boss
Mistodons
78.2%
Monster
Hornet
78.1%
Monster
Basilisk
77.9%
Monster
Hecteyes
77.9%
Monster
Mimic
77.6%
Monster/ Boss
Name
% Correct
Monster
Ragtime Mouse
77.6%
Boss
Tantarian
77.6%
Monster
Abomination
77.4%
Monster
Axe Beak
77.4%
Boss
Prison Cage
77.4%
Monster
Amdusias
77.1%
Monster
Blazer Beetle
77.1%
Monster
Ladybug
77.1%
Monster
Torama
77.1%
Monster
Grimlock
76.8%
Boss
Ralvuimago
76.5%
Monster
Wraith
76.5%
Monster
Zemzelett
76.5%
Monster
Sand Scorpion
76.3%
Monster
Vepal
76.3%
Monster
Stroper
76.3%
Monster
Ochu
76%
Monster
Worm Hydra
76%
Monster
Drakan
75.7%
Monster
Serpion
75.7%
Monster
Wyerd
75.7%
Monster
Crystal Lich
75.6%
Boss
Ralvurahva
75.5%
Monster
Shell Dragon
75.5%
Monster
Crystal Tiamat
75.3%
Monster
Crystal Maliris
75.3%
Monster
Crystal Kraken
75.3%
Monster
Carrion Worm
75.2%
Monster
Hedgehog Pie
75.2%
Monster
Veteran
75.2%
Boss
Armodullahan
74.9%
Monster
Gigan Octopus
74.7%
Monster
Plant Spider
74.7%
Monster
Anemone
74.4%
Monster
Gnoll
74.4%
Monster
Ringleader
74.4%
Monster
Agares
73.9%
Monster
Crawler
73.6%
Monster
Land Worm
73.6%
Monster
Python
73%
Monster
Myconid
72.5%
Monster
Cave Imp
72%
Monster
Dendrobium
72%
Monster
Stilva
71.7%
Monster
Seeker Bat
70.4%
Monster
Clipper
67.4%
Quiz Playlist
Details
Report
Send in Message
Add To Playlist
Classic:
Type in answers that appear in a list
Last Updated: Dec 12, 2022
Quiz Scoreboard
CHALLENGE
Sign Up to Join the Scoreboard
Show All
Scores
Hide
Comments
May contain spoilers
Recently Published
1-10 Letter E Words III
by El_Dandy
Language
2m
One Thing in Common: World Cities II
by knightlancer
Geography
7m
Popular People in 1961
by mucciniale
History
6m
More to Explore
Quiz From the Vault
Featured Blog Post
Where Did the Easter Bunny Come From?
hide this ad
You Might Also Like...
Tags
boss
Fantasy
final
Final Fantasy
Monster
Today's Top Quizzes in Gaming
Browse Gaming
hide this ad
Today's Top Quizzes in Final Fantasy
Browse Final Fantasy
Top Contributed Quizzes in Gaming
1
Destiny 2 exotic weapons by perk icons
2
Genshin Impact Logic Puzzle Quiz II
3
Who's on the WWE 2K24 Cover?
4
Overwatch Hero Logic II
5
DOOM: Eternal 10-1
6
Overwatch Logic Puzzle
7
Windmill: Pokémon
8
Genshin Impact Logic Puzzle
9
Overwatch 2: Ultimate Ability Icons
10
Overwatch 2 Heroes by Selection Quote
Explore More
Trending Topics
Harry Potter
NBA
Disney
Anime
Marvel
Crossword
Kpop
NFL
Pokémon
Puzzle
The Office
Song
WWE
Country
Soccer
hide this ad
More By:
sparkman
Quiz
Plays
Rating
Category
Featured
Created
ATP Tennis Grand Slam Finals from 1990 Onwards?
1,308
3.33
Sports
Jul 28, 2014
Dark Souls 3-Grab Bag
1,007
4.67
Gaming
May 30, 2016
Super Metroid-Grab Bag
872
4.56
Gaming
Feb 9, 2012
Plants vs Zombies Garden Warfare 2-Grab Bag
852
5.00
Gaming
Apr 12, 2016
Far Cry 3-Wildlife
765
4.50
Gaming
Jan 3, 2013
Go to Creator's Profile
Score Distribution
Quiz Creator Spotlight
sparkman
Follow
Send a Message
Quizzes Created
-
Created Quiz Play Count
-
More By This Creator
Popular Quizzes Today
1
Find the US States - No Outlines Minefield
2
Popular People in 1961
3
The Countries of the World
4
1-10 Letter E Words III
5
Find the US States
6
Find the Countries of Europe - No Outlines Minefield
7
US States
8
One Thing in Common: World Cities II
More Gaming Quizzes
FNaF Song quiz
Quiz Lab
Trending Quizzes
1-10 Letter F Words
1-10 Letter G Words
Risky Map Clicking: States by Unique Starting Letters
1-10 Letter F Words II
Risky Map Clicking: Next State Alphabetically
Recently Updated
Reality TV Shows (A-Z)
bhenderson79
Rickey Henderson's Hall of Fame Teammates
pecheneg
Champions League XIs: Arsenal
pecheneg
Quick Pick: Celebrities in WWE's Hall of Fame
aduchscher
A-Z Keypad Blitz II
pecheneg
Multiple Oscar Actors
pecheneg
Mystery Phrase Blitz: Oscar 'Best Actors'
pecheneg
F. Scott Fitzgerald Novels
LTH
Pick 3 Villains
ddd62291
This, But Not That XII
gazzso
Trending Topics
Harry Potter
NBA
Crossword
Anime
Disney
Kpop
Marvel
Soccer
NFL
WWE
Song
The Office
Country
Puzzle
Pokémon
Your Account Isn't Verified!
In order to create a playlist on Sporcle, you need to verify the email address you used during registration. Go to your
Sporcle Settings
to finish the process.
Report this User
Report this user for behavior that violates our
Community Guidelines
.
Details:
Send Report
Go to the Sporcle.com Mobile Site →
Comments